| 000 | 00733cam a22002533a 4500 | ||
|---|---|---|---|
| 001 | 26495 | ||
| 003 | PGUSA | ||
| 005 | 20140828083554.0 | ||
| 008 | 080831s2008||||xxu|||||s|||||000 | eng d | ||
| 040 |
_aPGUSA _beng |
||
| 042 | _adc | ||
| 050 | 4 | _aBC | |
| 100 | 1 |
_aMill, John Stuart, _d1806-1873 |
|
| 245 | 1 | 2 |
_aA System Of Logic, Ratiocinative And Inductive (Vol. 1 of 2) _h[electronic resource] / _cJohn Stuart Mill |
| 260 |
_bProject Gutenberg, _c2008 |
||
| 506 | _aPublic domain in the USA. | ||
| 516 | _aElectronic text | ||
| 653 | _aKnowledge, Theory of | ||
| 653 | _aLogic | ||
| 653 | _aScience -- Methodology | ||
| 830 | 0 |
_aProject Gutenberg _v26495 |
|
| 856 | 4 | 0 | _uhttp://www.gutenberg.org/ebooks/26495 |
| 942 | _cEB | ||
| 999 |
_c255750 _d255750 |
||